000 00331nam a2200121Ia 4500
008 240624s9999 xx 000 0 und d
041 _aeng
082 _a332.622 MOR
100 _aMARIO AYANO
245 _aWARREN BUFFETT AN ILLUSTRATED BIOGRAPHY
260 _c2005
_aSingapore
_bJohn Wiley & Sons
300 _aix, : 160 : p. : cm. ; 21
999 _c9529
_d9529